|
|
|
|
| LEADER |
00835nam a22002538a 4500 |
| 001 |
00042914 |
| 005 |
20181026141023.0 |
| 008 |
171101s2017####-vm#################vie|d |
| 020 |
# |
# |
|c 500000
|a 978 604 88 5534 5
|
| 041 |
0 |
# |
|a Vie
|
| 082 |
# |
# |
|a 355.009 2
|b D107T
|
| 100 |
1 |
# |
|a R.G. Grant
|
| 245 |
1 |
0 |
|a Danh tướng các nhà cầm quân vĩ đại nhất trong lịch sử
|c R.G. Grant; Nguyễn Minh (người dịch)
|
| 260 |
# |
# |
|b Dân trí
|c 2018
|a Hà Nội
|
| 300 |
# |
# |
|a 359 tr.
|c 30 cm.
|
| 653 |
# |
# |
|a Cầm quân
|
| 653 |
# |
# |
|a Danh tướng
|
| 653 |
# |
# |
|a Lịch sử
|
| 653 |
# |
# |
|a Thế giới
|
| 700 |
1 |
# |
|a Nguyễn, Minh
|e người dịch
|
| 852 |
# |
# |
|j KD.0024328
|
| 910 |
0 |
# |
|d 26/10/2018
|
| 980 |
# |
# |
|a Trung tâm Học liệu Lê Vũ Hùng, Trường Đại học Đồng Tháp
|